| 000 | 00319nam a2200109 4500 | ||
|---|---|---|---|
| 008 | 160624b xxu||||| |||| 00| 0 eng d | ||
| 100 |
_9906 _a Blyton, G |
||
| 245 | _aThe Famous Five: Five go Adventuring Again | ||
| 260 |
_aLon _b Knight Book _c1974 |
||
| 300 | _aThe Famous Five: Five go Adventuring Again | ||
| 942 |
_2ddc _cBK |
||
| 999 |
_c719 _d719 |
||